Rassejanije sveta v tverdych telach

Gespeichert in:
Bibliographische Detailangaben
Weitere Verfasser: Cardona, Manuel (Zusammenstellung)
Format: Buch
Sprache:Russisch
Veröffentlicht: Moskva : Mir, 1979
Ausgabe:Z angl. prel. B.Ch.Bajramov, Z.M.Chašchožev
Schlagworte:
Tags: Tag hinzufügen
Keine Tags, Fügen Sie das erste Tag hinzu!

MARC

LEADER 00000nam a22000003a 4500
001 stu41275
005 20150617225723.1
008 931118s1979----xxr-----------------rus-d
040 |a STU  |b slo 
041 0 |a rus 
044 |a xxr 
080 |a 539.2 
080 |a 535.375.54 
100 1 |a Cardona, Manuel  |4 com 
242 0 0 |a Light scattering in solids  |y eng 
245 1 |a Rassejanije sveta v tverdych telach 
250 |a Z angl. prel. B.Ch.Bajramov, Z.M.Chašchožev 
260 |a Moskva :  |b Mir,  |c 1979 
300 |a 392 s 
650 7 |a fyzika tuhých látok  |2 stusub 
650 7 |a svetlo  |2 stusub 
650 7 |a rozptyl  |2 stusub 
996 |b E44186  |c E*44186  |l EE10  |s P  |a 0  |w stu41275_0002 
996 |b E44369  |c E*44369  |l EE05  |s P  |a 0  |w stu41275_0004